000 00546nam a2200169Ia 4500
003 GCL
008 140319s9999 xx 000 0 ara d
040 _aGCL /
_cGCL
082 0 4 _aم
_b345
_bح م
100 1 _aحسن صادق المرصفاوى
245 1 0 _aالمرصفاوى فى قانون العقوبات /
_cحسن صادق المرصفاوى
260 _a[S.N] :
_bمنشاة المعارف الاسلامية ،
_c1994
300 _a4087 ص
650 0 4 _aالقانون
650 0 4 _aقانون العقوبات
942 _2ddc
_cREF
999 _c59239
_d59239